| 000 | 00841nam a2200229 a 4500 | ||
|---|---|---|---|
| 001 | 000038576 | ||
| 005 | 20201002031312.0 | ||
| 008 | 130415s1997 sp 000 0 spa d | ||
| 020 | _a8403595905 | ||
| 040 |
_aDO-SdBNP _bspa _cBNPHU |
||
| 245 | 0 | 4 |
_aLas grandes entrevistas de la historia (1859-1992) / _cprólogo de Rosa Montero ; traducción Herminia Bevia y Antonio Resines ; Edición e introducción Christopher Silvester. |
| 250 | _a3a. ed. | ||
| 260 |
_aMadrid : _bEl país, _c1997. |
||
| 300 |
_a634 p. ; _c24 cm. |
||
| 504 | _aBibliografía : p. 629-634 | ||
| 534 |
_aThe penguin book of interviews _lespañol |
||
| 700 | 1 |
_aMontero, Rosa, _d1951- _915063 |
|
| 700 | 1 |
_aBevia, Herminia, _949220 |
|
| 700 | 1 |
_aResines, Antonio, _949219 |
|
| 700 | 1 |
_aSilvester, Christopher, _eeed. _964915 |
|
| 700 | 1 |
_aBernardo Ramírez _ecol. _964916 |
|
| 999 |
_c38066 _d38066 |
||